| Tag |
First Indicator |
Second Indicator |
Subfields |
| LEADER |
00000cas a2200000 a 4500 |
| 001 |
in00004455421 |
| 005 |
20191202121105.0 |
| 008 |
751019c19009999nz srgp 0uuua0eng u |
| 022 |
|
|
|a 0028-8446
|
| 030 |
|
|
|a NZMJAX
|
| 035 |
|
|
|a (OCoLC)01713584
|
| 035 |
|
|
|z (UtOrBLW)2732
|
| 035 |
|
|
|a 4153
|
| 040 |
|
|
|c MUL
|d NSD
|d OCL
|d SER
|d RCS
|d TMV
|d UtOrBLW
|
| 049 |
|
|
|a [Shelved] [by Title] TMVM
|
| 060 |
0 |
0 |
|a W1 NE977
|
| 060 |
|
4 |
|a x
|
| 069 |
1 |
|
|a N16640000
|
| 130 |
0 |
|
|a New Zealand medical journal (Print)
|
| 210 |
1 |
|
|a N. Z. med. j.
|
| 222 |
|
0 |
|a New Zealand medical journal
|
| 245 |
1 |
0 |
|a New Zealand medical journal.
|
| 246 |
1 |
0 |
|a N Z Med J
|
| 246 |
3 |
0 |
|a College of General Practitioners in New Zealand
|
| 264 |
|
1 |
|a [Wellington] :
|b [New Zealand Medical Association?]
|
| 300 |
|
|
|a volumes :
|b illustrations ;
|c 30 cm.
|
| 310 |
|
|
|a Semimonthly
|
| 336 |
|
|
|a text
|2 rdacontent
|b txt
|
| 337 |
|
|
|a unmediated
|2 rdamedia
|
| 338 |
|
|
|a volume
|2 rdacarrier
|b nc
|
| 362 |
1 |
|
|a Began with new series, v. 1, no. 1 in Aug. 1900.
|
| 500 |
|
|
|a Journal of the New Zealand Medical Association.
|
| 515 |
|
|
|a Issues also carry sequential numbering throughout volumes.
|
| 520 |
|
|
|a Most issues Aug. 1964- include separately paged supplement called the College of General Practitioners in New Zealand.
|
| 520 |
|
|
|a NZMA newsletter included in vol., 1993-
|
| 525 |
|
|
|a Supplements, some also cited as pt. 2, accompany some issues.
|
| 530 |
|
|
|a Also available online.
|
| 650 |
|
2 |
|a Medicine.
|
| 655 |
|
2 |
|a Periodicals.
|
| 710 |
2 |
|
|a New Zealand Medical Association.
|
| 710 |
2 |
|
|a College of General Practitioners in New Zealand.
|
| 776 |
1 |
|
|t New Zealand medical journal (Online)
|x 1175-8716
|w (OCoLC)50254835
|
| 780 |
0 |
0 |
|t Australasian medical gazette
|
| 948 |
|
|
|a Bindery Color/Print: 563/W
|
| 948 |
|
|
|a Converted to Online with 2003. 01/24/06/PJ
|
| 999 |
|
|
|a MARS
|
| 999 |
f |
f |
|s 172f32ea-b274-30b3-a1a2-527fe78e1cdc
|i f6d32709-6876-3349-b378-51ed02a08c81
|t 0
|
| 952 |
f |
f |
|p ric
|a Texas A&M University
|b Rellis Campus
|c Joint Library Facility
|d Remote Storage
|t 0
|h No information provided
|i unmediated -- volume
|k v.106
|l 1993:July/Dec.
|m 3238901530887
|
| 952 |
f |
f |
|p ric
|a Texas A&M University
|b Rellis Campus
|c Joint Library Facility
|d Remote Storage
|t 0
|h No information provided
|i unmediated -- volume
|k v.114
|l 2001 & suppl.
|m 3238901773011
|
| 952 |
f |
f |
|p ric
|a Texas A&M University
|b Rellis Campus
|c Joint Library Facility
|d Remote Storage
|t 0
|h No information provided
|i unmediated -- volume
|k v.105
|l 1992
|m 323890140689A
|
| 952 |
f |
f |
|p ric
|a Texas A&M University
|b Rellis Campus
|c Joint Library Facility
|d Remote Storage
|t 0
|h No information provided
|i unmediated -- volume
|k v.38:no.204
|l 1939:Apr.
|m 323890265829E
|
| 952 |
f |
f |
|p ric
|a Texas A&M University
|b Rellis Campus
|c Joint Library Facility
|d Remote Storage
|t 0
|h No information provided
|i unmediated -- volume
|k v.107
|l 1994:Jan./June
|m 3238901565346
|
| 952 |
f |
f |
|p ric
|a Texas A&M University
|b Rellis Campus
|c Joint Library Facility
|d Remote Storage
|t 0
|h No information provided
|i unmediated -- volume
|k v.97
|l 1984:Jan./June
|m 3238900645546
|
| 952 |
f |
f |
|p ric
|a Texas A&M University
|b Rellis Campus
|c Joint Library Facility
|d Remote Storage
|t 0
|h No information provided
|i unmediated -- volume
|k v.102
|l 1989:Jan./June
|m 3238900865023
|
| 952 |
f |
f |
|p ric
|a Texas A&M University
|b Rellis Campus
|c Joint Library Facility
|d Remote Storage
|t 0
|h No information provided
|i unmediated -- volume
|k v.102
|l 1989:July/Dec.
|m 3238900925198
|
| 952 |
f |
f |
|p ric
|a Texas A&M University
|b Rellis Campus
|c Joint Library Facility
|d Remote Storage
|t 0
|h No information provided
|i unmediated -- volume
|k v.100
|l 1987:Jan./June
|m 323890082767C
|
| 952 |
f |
f |
|p ric
|a Texas A&M University
|b Rellis Campus
|c Joint Library Facility
|d Remote Storage
|t 0
|h No information provided
|i unmediated -- volume
|k v.101
|l 1988:Jan./June
|m 323890087847G
|
| 952 |
f |
f |
|p ric
|a Texas A&M University
|b Rellis Campus
|c Joint Library Facility
|d Remote Storage
|t 0
|h No information provided
|i unmediated -- volume
|k v.108
|l 1995:July/Dec.
|m 3238901514799
|
| 952 |
f |
f |
|p ric
|a Texas A&M University
|b Rellis Campus
|c Joint Library Facility
|d Remote Storage
|t 0
|h No information provided
|i unmediated -- volume
|k v.109
|l 1996:Jan./June
|m 323890149608A
|
| 952 |
f |
f |
|p ric
|a Texas A&M University
|b Rellis Campus
|c Joint Library Facility
|d Remote Storage
|t 0
|h No information provided
|i unmediated -- volume
|k v.97
|l 1984:July/Dec.
|m 3238900645557
|
| 952 |
f |
f |
|p ric
|a Texas A&M University
|b Rellis Campus
|c Joint Library Facility
|d Remote Storage
|t 0
|h No information provided
|i unmediated -- volume
|k v.104
|l 1991:July/Dec.
|m 323890138773B
|
| 952 |
f |
f |
|p ric
|a Texas A&M University
|b Rellis Campus
|c Joint Library Facility
|d Remote Storage
|t 0
|h No information provided
|i unmediated -- volume
|k v.110
|l 1997:July/Dec.
|m 323890143786B
|
| 952 |
f |
f |
|p ric
|a Texas A&M University
|b Rellis Campus
|c Joint Library Facility
|d Remote Storage
|t 0
|h No information provided
|i unmediated -- volume
|k v.100
|l 1987:July/Dec.
|m 3238900832735
|
| 952 |
f |
f |
|p ric
|a Texas A&M University
|b Rellis Campus
|c Joint Library Facility
|d Remote Storage
|t 0
|h No information provided
|i unmediated -- volume
|k v.96
|l 1983
|m 3238901580286
|
| 952 |
f |
f |
|p ric
|a Texas A&M University
|b Rellis Campus
|c Joint Library Facility
|d Remote Storage
|t 0
|h No information provided
|i unmediated -- volume
|k v.101
|l 1988:July/Dec.
|m 323890088000+
|
| 952 |
f |
f |
|p ric
|a Texas A&M University
|b Rellis Campus
|c Joint Library Facility
|d Remote Storage
|t 0
|h No information provided
|i unmediated -- volume
|k v.103
|l 1990:July/Dec.
|m 3238900951423
|
| 952 |
f |
f |
|p ric
|a Texas A&M University
|b Rellis Campus
|c Joint Library Facility
|d Remote Storage
|t 0
|h No information provided
|i unmediated -- volume
|k v.104
|l 1991:Jan./June
|m 323890138774C
|
| 952 |
f |
f |
|p ric
|a Texas A&M University
|b Rellis Campus
|c Joint Library Facility
|d Remote Storage
|t 0
|h No information provided
|i unmediated -- volume
|k v.103
|l 1990:Jan./June
|m 3238900951412
|
| 952 |
f |
f |
|p ric
|a Texas A&M University
|b Rellis Campus
|c Joint Library Facility
|d Remote Storage
|t 0
|h No information provided
|i unmediated -- volume
|k v.113
|l 2000
|m 323890155996H
|
| 952 |
f |
f |
|p ric
|a Texas A&M University
|b Rellis Campus
|c Joint Library Facility
|d Remote Storage
|t 0
|h No information provided
|i unmediated -- volume
|k v.106
|l 1993:Jan./June
|m 323890151995C
|
| 952 |
f |
f |
|p ric
|a Texas A&M University
|b Rellis Campus
|c Joint Library Facility
|d Remote Storage
|t 0
|h No information provided
|i unmediated -- volume
|k v.98
|l 1985
|m 3238900784078
|
| 952 |
f |
f |
|p ric
|a Texas A&M University
|b Rellis Campus
|c Joint Library Facility
|d Remote Storage
|t 0
|h No information provided
|i unmediated -- volume
|k v.107 & suppl.
|l 1994:July/Dec.
|m 3238901534397
|
| 952 |
f |
f |
|p ric
|a Texas A&M University
|b Rellis Campus
|c Joint Library Facility
|d Remote Storage
|t 0
|h No information provided
|i unmediated -- volume
|k v.112
|l 1999
|m 3238901626838
|
| 952 |
f |
f |
|p ric
|a Texas A&M University
|b Rellis Campus
|c Joint Library Facility
|d Remote Storage
|t 0
|h No information provided
|i unmediated -- volume
|k v.38:no.203
|l 1939:Feb.
|m '3238902658306'
|
| 952 |
f |
f |
|p ric
|a Texas A&M University
|b Rellis Campus
|c Joint Library Facility
|d Remote Storage
|t 0
|h No information provided
|i unmediated -- volume
|k v.108
|l 1995:Jan./June
|m 3238901507498
|
| 952 |
f |
f |
|p ric
|a Texas A&M University
|b Rellis Campus
|c Joint Library Facility
|d Remote Storage
|t 0
|h No information provided
|i unmediated -- volume
|k v.110
|l 1997:Jan./June
|m 3238901442294
|
| 952 |
f |
f |
|p ric
|a Texas A&M University
|b Rellis Campus
|c Joint Library Facility
|d Remote Storage
|t 0
|h No information provided
|i unmediated -- volume
|k v.109
|l 1996:July/Dec.
|m 3238901471779
|
| 998 |
f |
f |
|s v.100(1987)-v.110(1997),v.112(1999)-v.114(2001)
|t 0
|l Remote Storage
|